Vrai/Faux : Homonymes de départements français 13 - Statistiques

Statistiques générales
  • Ce quiz a été pris 11 fois
  • Le résultat moyen est 25 sur 50
Statistiques - réponses
Hint Explanation Réponse % Correct
Pyrénées est contenu dans le nom de 3 départements VRAI
91%
Dôme est un sommet arrondi VRAI
82%
Rhin est un fleuve VRAI
82%
Pyrénées est une chaine de montagnes franco-espagnole VRAI
82%
Pyrénées est une région du Canada Pure invention ! FAUX
73%
Meurthe est un ancien département VRAI
73%
Meurthe est un affluent de la Moselle VRAI
73%
Pyrénées est un chien de berger VRAI
73%
Saône est contenu dans le nom de 2 départements VRAI
73%
Rhin est un affluent de l'Elbe VRAI
73%
Pyrénées est un massif de la lune Pure invention ! FAUX
64%
Calais est une ville du Pas-de-Calais VRAI
64%
Rhin est le nom d'un palais strasbourgeois VRAI
64%
Calais est un saint Moine du Moyen-âge VRAI
64%
Rhin est un poème d'Alfred de Musset Pure invention ! FAUX
55%
Saône est une commune sénégalaise Sône FAUX
55%
Saône est une commune de Meurthe-et-Moselle Saulnes FAUX
55%
Dôme est un restaurant parisien VRAI
55%
Dôme est le nom d'un volcan VRAI
55%
Calais est la 2e personne singulier de l'imparfait de l'indicatif VRAI
55%
Calais est une ville du Vermont VRAI
55%
Calais Marion est une journaliste VRAI
55%
Dôme est une voute De feuillage VRAI
55%
Pyrénées est une race de porc De chèvres FAUX
45%
Calais est un port Australien Pure invention ! FAUX
45%
Calais est le nom d'une affaire toulousaine Calas FAUX
45%
Saône est une rivière de Haute-Garonne Saune FAUX
45%
Calais est un prénom masculin VRAI
45%
Rhin est une oeuvre de Victor Hugo VRAI
45%
Pyrénées est une station du métro parisien VRAI
45%
Calais est le même prénom que Calétric VRAI
45%
Meurthe était un bâtiment de guerre VRAI
45%
Dôme signifie "temple" en gaulois Colline FAUX
36%
Meurthe est une commune de Moselle Pure invention ! FAUX
36%
Saône est une commune de la Sarthe Saosnes FAUX
36%
Saône est un prénom Son FAUX
36%
Saône est une commune de l'Isère La Sône FAUX
36%
Dôme est un logiciel informatique Pure invention ! FAUX
36%
Saône est un château syrien VRAI
36%
Pyrénées est une région d'Australie VRAI
36%
Rhin est un affluent du Croult VRAI
36%
Calais est le nom de la préfecture du Pas-de-Calais Arras FAUX
27%
Calais Henri est un écrivain Calet FAUX
27%
Meurthe est une ville allemande Pure invention ! FAUX
27%
Saône est une ancienne forme de Sonne Pure invention ! FAUX
27%
Calais est l'un des fils du vent du Nord chez les Scandinaves Chez les Grecs FAUX
27%
Calais est le nom d'une pierre Callaïs FAUX
27%
Rhin est contenu dans le nom de 3 départements 2 ! Haut-Rhin et Bas-Rhin FAUX
27%
Pyrénées est le nom d'un traité signé en 1759 1659 FAUX
27%
Rhin se dit Rhein en néerlandais Rijn - Rhein en allemand FAUX
9%
Aucun quiz correspondant
Distribution des résultats
% des personnes avec chaque résultat
Percentile par nombre de réponses
Votre historique - résultats
Vous n’avez pas pris ce quiz